A history of warfare / (Record no. 185063)

000 -LEADER
fixed length control field 00709 a2200205 4500
003 - CONTROL NUMBER IDENTIFIER
control field Nust
005 - DATE AND TIME OF LATEST TRANSACTION
control field 20230316130420.0
010 ## - LIBRARY OF CONGRESS CONTROL NUMBER
LC control number 93014884
020 ## - INTERNATIONAL STANDARD BOOK NUMBER
International Standard Book Number 0679730826
040 ## - CATALOGING SOURCE
Transcribing agency Nust
082 00 - DEWEY DECIMAL CLASSIFICATION NUMBER
Classification number 355.009,KEE
100 1# - MAIN ENTRY--PERSONAL NAME
Personal name Keegan, John,
9 (RLIN) 48589
245 12 - TITLE STATEMENT
Title A history of warfare /
Statement of responsibility, etc. John Keegan.
260 ## - PUBLICATION, DISTRIBUTION, ETC.
Place of publication, distribution, etc. New York :
Name of publisher, distributor, etc. Alfred A. Knopf :
-- Distributed by Random House, Inc.,
Date of publication, distribution, etc. 1993.
300 ## - PHYSICAL DESCRIPTION
Extent xvi, 432 p. :
Other physical details ill., maps ;
Dimensions 25 cm.
505 ## - FORMATTED CONTENTS NOTE
Formatted contents note War in Human History (Page-1) Stone (Page-77) Iron (Page-235) Fire (Page-317).
650 #0 - SUBJECT ADDED ENTRY--TOPICAL TERM
Topical term or geographic name entry element Military art and science
General subdivision History.
856 42 - ELECTRONIC LOCATION AND ACCESS
Materials specified Publisher description
Uniform Resource Identifier <a href="http://www.loc.gov/catdir/description/random047/93014884.html">http://www.loc.gov/catdir/description/random047/93014884.html</a>
942 ## - ADDED ENTRY ELEMENTS (KOHA)
Source of classification or shelving scheme
Koha item type Book
Holdings
Withdrawn status Lost status Source of classification or shelving scheme Damaged status Not for loan Permanent Location Current Location Shelving location Date acquired Full call number Barcode Date last seen Price effective from Koha item type Public note
          Military College of Signals (MCS) Military College of Signals (MCS) General Stacks 12/12/2016 355.009,KEE MCS31985 12/08/2016 12/12/2016 Book Almirah No.51, Shelf No.3
© 2023 Central Library, National University of Sciences and Technology. All Rights Reserved.